The wild / (Record no. 2281)

MARC details
000 -LEADER
fixed length control field 00707nam a22002537a 4500
005 - DATE AND TIME OF LATEST TRANSACTION
control field 20231115102941.0
020 ## - INTERNATIONAL STANDARD BOOK NUMBER
International Standard Book Number 9788120732018
040 ## - CATALOGING SOURCE
Original cataloging agency FISKH
Language of cataloging eng
Transcribing agency FISKH
Modifying agency FISKH
050 ## - LIBRARY OF CONGRESS CALL NUMBER
Classification number PZ7
082 ## - DEWEY DECIMAL CLASSIFICATION NUMBER
Classification number 813.54
100 ## - MAIN ENTRY--PERSONAL NAME
Personal name Anonymous
245 ## - TITLE STATEMENT
Title The wild /
Statement of responsibility, etc. DISNEP'S
260 ## - PUBLICATION, DISTRIBUTION, ETC.
Place of publication, distribution, etc. New Delhi :
Name of publisher, distributor, etc. Sterling,,
Date of publication, distribution, etc. 2006
300 ## - PHYSICAL DESCRIPTION
Extent 23 unnumbered pages :
Other physical details illustrations
Dimensions 22x22 cm
505 ## - FORMATTED CONTENTS NOTE
Formatted contents note K
520 ## - SUMMARY, ETC.
Summary, etc. When Samson the lion's son escapes from the zoo and into the wild, Samson must save him and live up to his fierce reputation.
521 ## - TARGET AUDIENCE NOTE
Target audience note 600
Source Lexile estimate
521 ## - TARGET AUDIENCE NOTE
Target audience note K
Source Raz-Plus
650 ## - SUBJECT ADDED ENTRY--TOPICAL TERM
Topical term or geographic name entry element Zoo
650 ## - SUBJECT ADDED ENTRY--TOPICAL TERM
Topical term or geographic name entry element Jungle
650 ## - SUBJECT ADDED ENTRY--TOPICAL TERM
Topical term or geographic name entry element Animals
942 ## - ADDED ENTRY ELEMENTS (KOHA)
Source of classification or shelving scheme Dewey Decimal Classification
Koha item type Books
Suppress in OPAC No
999 ## -
-- 2281
-- 2281
Holdings
Withdrawn status Lost status Source of classification or shelving scheme Damaged status Not for loan Collection Home library Current library Shelving location Date acquired Total Checkouts Full call number Barcode Date last seen Date last checked out Price effective from Koha item type
Withdrawn   Dewey Decimal Classification Damaged   Juvenile Fiction Footprints International School Library Network Toul Kork Campus Footprints International School Library Network Toul Kork Campus TK Primary Library Room(4th Floor), Bookcase 3&4, Shelves 17-32, Yellow Books 11/15/2023 1 ANO 813.54 PZ7 2023-0746 09/06/2024 08/12/2024 11/15/2023 Books